LEADER 01098nam0 22002891i 450 001 RML0298796 005 20231121125741.0 010 $a0192817825 100 $a20121121d1983 ||||0itac50 ba 101 | $aeng 102 $agb 181 1$6z01$ai $bxxxe 182 1$6z01$an 200 1 $aFive Plays$fBen Jonson$gedited with an introduction by G.A. Wilkes 210 $aOxford$aNew York $cOxford university press $dİ1983 215 $aXIX, 503 p.$d19 cm 225 | $a˜The œworld's classics. - London $eOxford university press 410 0$1001RML0333097$12001 $a˜The œworld's classics. - London $eOxford university press 700 1$aJonson$b, Ben$3RMLV192955$0445907 801 3$aIT$bIT-01$c20121121 850 $aIT-FR0017 899 $aBiblioteca umanistica Giorgio Aprea$bFR0017 912 $aRML0298796 950 0$aBiblioteca umanistica Giorgio Aprea$d 52CIS 10/1667$e 52VM 0000686685 VM barcode:66957-10. - Inventario:11086 FLSVM$fA $h20070509$i20121204 977 $a 52 996 $aFive plays$999918 997 $aUNICAS